| Tag |
First Indicator |
Second Indicator |
Subfields |
| LEADER |
00000nam a2200000 4500 |
| 001 |
in00004339549 |
| 005 |
20200812100216.0 |
| 006 |
m g d |
| 007 |
cr bn |||a|bb| |
| 008 |
860116s1641 enk o 00| | eng d |
| 035 |
|
|
|a (UnM)99859834
|
| 037 |
|
|
|a CL0051000001
|b ProQuest Information and Learning. 300 N. Zeeb Rd., Ann Arbor, MI 48106
|
| 040 |
|
|
|a Cu-RivES
|c Cu-RivES
|d CStRLIN
|e dcrb
|d WaOLN
|
| 100 |
0 |
|
|a D. F.,
|c Minister.
|
| 245 |
1 |
4 |
|a The equallity of the ministery plainly described, both by Scriptures, fathers, and councels. :
|b Layd open to this present Parliament, to stop the mouthes of all gaynesayers whatsoever. /
|c By D.F. minister.
|
| 260 |
|
|
|a [London :
|b publisher not identified],
|c Printed in the yeare of our redemption. 1641.
|
| 300 |
|
|
|a 1 online resource ([2], 14 pages)
|
| 336 |
|
|
|a text
|b txt
|2 rdacontent
|
| 337 |
|
|
|a computer
|b c
|2 rdamedia
|
| 338 |
|
|
|a online resource
|b cr
|2 rdacarrier
|
| 500 |
|
|
|a Place of publication from Wing.
|
| 500 |
|
|
|a Reproduction of the original in the British Library.
|
| 510 |
4 |
|
|a Wing (2nd edition)
|c F7.
|
| 510 |
4 |
|
|a Thomason
|c E.205[11].
|
| 533 |
|
|
|a Electronic reproduction.
|b Ann Arbor, Mich. :
|c UMI,
|d 1999-
|f (Early English books online)
|n Digital version of: (Thomason Tracts ; 36:E205[11])
|7 s1999 miun s
|
| 610 |
2 |
0 |
|a Church of England
|x Clergy
|v Early works to 1800.
|
| 610 |
2 |
0 |
|a Church of England
|x Government
|v Early works to 1800.
|
| 650 |
|
0 |
|a Episcopacy
|v Early works to 1800.
|
| 830 |
|
0 |
|a Early English books online.
|
| 856 |
4 |
0 |
|u http://proxy.library.tamu.edu/login?url=https://search.proquest.com/docview/2240881878
|z Connect to the full text of this electronic book
|t 0
|
| 999 |
f |
f |
|s 87495b77-4fe2-3ef2-a988-78eb5452edc4
|i 2fabf474-d622-3a8e-96da-02c675aa3584
|t 0
|
| 952 |
f |
f |
|a Texas A&M University
|b College Station
|c Electronic Resources
|d Available Online
|t 0
|h No information provided
|
| 998 |
f |
f |
|t 0
|l Available Online
|